000 01020pam a2200253 a 4500
999 _c233092
_d233092
001 3906728
003 Nust
005 20170302095855.0
008 910808s1991 nyua 000 1 eng
010 _a 91032460
020 _a9780340832257
040 _aDLC
_cDLC
_dOCoLC
_dDLC
050 0 0 _aPS3561.I483
_bW37 1991
082 0 0 _a813.54
_bKIN
100 1 _aKing, Stephen,
_d1947-
245 1 4 _aThe waste lands /
_cStephen King ; illustrated by Ned Dameron.
260 _aNew York, N.Y., U.S.A. :
_bPlume,
_c1991.
300 _a584 p. :
_bill. (some col.) ;
_c23 cm.
490 1 _aThe Dark tower ;
_v3
650 0 _aRoland (Fictitious character : King)
_xFiction.
655 7 _aFantasy fiction.
_2gsafd
800 1 _aKing, Stephen,
_d1947-
_tDark tower ;
_v3.
856 4 2 _3Contributor biographical information
_uhttp://www.loc.gov/catdir/enhancements/fy1209/91032460-b.html
906 _a7
_bcbc
_corignew
_d1
_eocip
_f19
_gy-gencatlg
942 _2ddc
_cBK